Normal view
MARC view
Entry Personal Name
001 - CONTROL NUMBER
- control field: 15742
003 - CONTROL NUMBER IDENTIFIER
- control field: OSt
005 - DATE AND TIME OF LATEST TRANSACTION
- control field: 20260427125906.0
008 - FIXED-LENGTH DATA ELEMENTS
- fixed length control field: 260427|| aca||aabn | a|a d
040 ## - CATALOGING SOURCE
- Original cataloging agency: OSt
- Transcribing agency: OSt
100 ## - HEADING--PERSONAL NAME
- Personal name: Rosenblum, Robert
670 ## - SOURCE DATA FOUND
- Source citation: Work cat.: (OSt)5829: Rosenblum, Robert., 19th century art /, c1984.
